| 000 | 00367nam a2200133Ia 4500 | ||
|---|---|---|---|
| 005 | 20260328101455.0 | ||
| 008 | 260328s9999||||xx |||||||||||||| ||und|| | ||
| 100 | _aFinke, Werner | ||
| 245 | 0 |
_aBloques cerrados de Viviendas : _b Edificación en manzanas / _cWerner Finke |
|
| 260 | _bGustavo Gili | ||
| 300 | _a131 p. | ||
| 650 | _aVIVIENDA MULTIFAMILIAR | ||
| 942 | _cBK | ||
| 999 |
_c8820 _d8820 |
||